Discographie 13 Block - Statistiques

Statistiques générales
  • Ce quiz a été pris 5 fois
  • Le résultat moyen est 68 sur 108
Statistiques - réponses
Hint Réponse % Correct
BLO 93 Gangstérisme
100%
Triple S A1 A3
100%
BLO II Aminata
100%
BLO Amis d'avant
100%
Feat. Alkpote A/R
100%
BLO II Babi
100%
Triple S Calibre
100%
BLO CR
100%
BLO Franck Lucas Tony
100%
BLO Fuck le 17
100%
ULTRAP Griezmann
100%
BLO II Kobe
100%
BLO Métagorique
100%
Singles Mood
100%
BLO II Moula
100%
Violence urbaine émeute Olaskurt
100%
BLO Où je vais
100%
BLO Pas vu pas pris
100%
BLO Petit coeur
100%
Triple S Point d'interrogation
100%
BLO II Sacrifices
100%
BLO Si j'avais
100%
Triple S Somme
100%
Triple S Twerk
100%
Triple S Vide
100%
Violence urbaine émeute Vrai négro
100%
Violence urbaine émeute Vue
100%
BLO Zidane
100%
BLO 3h36
75%
BLO Affaires
75%
BLO II Akira
75%
Singles Balayer
75%
BLO II Bendo
75%
Triple S Binks
75%
BLO Binks 2.0
75%
Singles BOÎTE 6 40 KIL
75%
BLO Bombarder
75%
BLO Des choses à dire
75%
Triple S Don Pablo
75%
BLO II Enervé
75%
Singles Faut que
75%
BLO Ghetto
75%
Feat. GLK Grillé
75%
Feat. twinsmatic, Koba La D GROSLOT
75%
BLO II Heps ou Plata
75%
BLO Illégalement
75%
BLO II La ramasse
75%
BLO II Les dodanes
75%
Triple S Mood-Interlude
75%
BLO II Oiseaux
75%
Feat. Dosseh Papillon
75%
BLO II Pavel
75%
ULTRAP PDV
75%
BLO II Riina Toto
75%
Triple S Sale
75%
BLO II Tieks
75%
Triple S Triple S
75%
Feat. Kaaris Vie sauvage
75%
ULTRAP Ville
75%
Singles Vous le savez
75%
Singles Wario
75%
Feat. DA Uzi C'est le même thème
50%
BLO C'est pas mon cas
50%
BLO II Diplomatico
50%
BLO Esclave
50%
Feat. Ikaz Boi, Ateyaba Ganja
50%
Singles Gobelets
50%
Singles GTI Freestyle
50%
Violence urbaine émeute Guerriers
50%
Violence urbaine émeutee Hors la loi
50%
Violence urbaine émeute Insomnie
50%
Feat. C.O.R Jamais vu
50%
Violence urbaine émeute L.K.T.E.B
50%
ULTRAP Mains sales
50%
Feat. Soolking On ira
50%
BLO Ouais
50%
Feat. AP du 113 Paparazzi
50%
BLO Pente noire
50%
BLO Sablier
50%
Feat. Binks Beatz Salam
50%
BLO II S.W.P.V.
50%
BLO II Traitres
50%
Violence urbaine émeute Truand
50%
Singles Ville 2
50%
Violence urbaine émeute 2,3 Kils
25%
Violence urbaine émeute Crack Spot
25%
Violence urbaine émeute Dans mon étrangère
25%
ULTRAP DIEZ
25%
ULTRAP DRUG'Z
25%
Singles Essaye
25%
Violence urbaine émeute F.S.R
25%
Violence urbaine émeute Implication
25%
BLO II Je me démerde
25%
Feat. DJ Weedim Mauvais Toy
25%
ULTRAP Streaming
25%
Feat. Alkpote Ultrapute
25%
Violence urbaine émeute Vers l'enfer
25%
Feat. Sale Epoque VIE DE GANGSTER
25%
BLO Vraie vie
25%
ULTRAP 12ème vie
0%
Feat. DJ Babs 36 heures
0%
Feat. Seth Gueko Cookies
0%
Feat. Dabs Dinero
0%
Feat. Lyrrix,Pon2mik Investir
0%
ULTRAP J'me rappelle
0%
Violence urbaine émeute Liberez
0%
Violence urbaine émeute Pas de boss
0%
ULTRAP Ralis Rapta
0%
Aucun quiz correspondant
Distribution des résultats
% des personnes avec chaque résultat
Percentile par nombre de réponses
Votre historique - résultats
Vous n’avez pas pris ce quiz